Statistics for Ed Sheeran A Team Lyrics

Click here to take the quiz!

General Stats

  • This quiz has been taken 2,966 times
  • The average score is 24 of 27

Answer Stats

HintAnswer% Correct
Paleface
99%
But lately herface seems
99%
Stuck in herdaydream
97%
Been this way sinceeighteen
96%
Breathing in thesnowflakes
96%
And theysay
95%
Struggling topay rent
93%
And sells love toanother man
92%
It's toocold outside
92%
Sourtaste
92%
Whitelips
91%
Strangemen
90%
Longnights
90%
Slowly sinkingwasting
90%
The worst things in lifecome free to us
89%
Day'send
89%
Cause we're just under theupper hand
89%
She's in theclass a team
87%
And in a pipe she flies to theMotherland
86%
For angelsto fly
86%
Crumbling likepastries
84%
Angels tofly
83%
And go mad for acouple grams
81%
And she don't want to gooutside tonight
80%
Light'sgone
77%
Burntlungs
74%
And theyscream
71%

Score Distribution

Percentile by Number Answered

Percent of People with Each Score

Your Score History

You have not taken this quiz